Höhere Mathematik für Mathematiker, Physiker, Ingenieure

Αποθηκεύτηκε σε:
Λεπτομέρειες βιβλιογραφικής εγγραφής
Κύριος συγγραφέας: Rothe, Rudolf Ernst, 1873-1942
Μορφή: Βιβλίο
Γλώσσα:German
Δημοσίευση: Leipzig ; Berlin : B. G. Teubner, 1939-1942.
Σειρά:Teubners Mathematische Leitfaden
Θέματα:
Ετικέτες: Προσθήκη ετικέτας
Δεν υπάρχουν, Καταχωρήστε ετικέτα πρώτοι!

MARC

LEADER 00000cam a2200000 i 4500
001 1/1
008 100308m19391942gw | ||| |||| ||ger||
035 |l 10107139 
040 |a GR-MyUa  |b gre  |e AACR2 
041 0 |a ger 
082 7 |a 510   |2 (22) 
100 1 |a Rothe, Rudolf Ernst,   |d 1873-1942. 
245 1 0 |a Höhere Mathematik für Mathematiker, Physiker, Ingenieure /   |c von Rudolf Rothe. 
260 |a Leipzig ;   |a Berlin :   |b B. G. Teubner,   |c 1939-1942. 
300 |a 4 τ. σε 9 :   |b εικ. ;   |c 20 εκ. 
490 1 |a (Teubners Mathematische Leitfäden) 
500 |a Ο τ. 1. είναι η 7η έκδ., ο τ. 2. είναι η 4η έκδ., ο τ. 3. είναι η 2η έκδ. και ο τ. 4 είναι η 2η έκδ. 
500 |a Περιλαμβάνει ευρετήριο. 
505 8 |a Τ. 1. Differentialrechnung und grundformeln der integralrechnung nebst anwendungen -- τ. 2. Integralrechnung, unendliche reihen vektorrechnung nebst anwendungen -- τ. 3. Raumkurven und flachen linienintegrale und mehrfacheinteegrale gewohnliche und partielle defferential-gleichungen nebst anwendungen -- τ. 4 Ubungsaufgaben mit Losungen, Formelsammlung -- μέρ. 1. Zahlen, veranderliche und Funktionen, Hauptsatze der Differentialrechnung und Grundformeln der Integralrechnung -- μέρ. 2. Funktionen von zwei und mehr veranderlichen,Differentialgeometrie ebener Kurven, komplexe Zahlen, veranderliche und Funktionen -- μέρ. 3. Integralrechnung -- μέρ. 4. Unendliche Reihen, Vektorrechnung nebst Anwendungen -- μέρ. 5. Raumkurven und Flachen, Linienintegrale und mehrfache Integrale μέρ. 6. Gewohnliche und partielle Differentialgleichungen nebst Anwendungen. 
650 0 |a Mathematics. 
740 0 |a Differentialrechnung und grundformeln der intergralrechnung nebst anwendungen. 
740 0 |a Integralrechnung, unendliche reihen vektorrechnung nebst anwendungen. 
740 0 |a Raumkurven und flachen linienintegrale und mehrfache integrale gewohnliche und partielle differential-Gleichungen nebst anwendungen. 
740 0 |a Ubungsaufgaben mit Losungen, Formelsammlung. 
830 0 |a Teubners Mathematische Leitfaden 
852 |a INST  |b SAMOS  |c MAG  |e 20100308  |h 510 ROT  |p 005300030507  |q 005300030507  |t BK  |v τ.3:  |y 0  |z τ.3 
852 |a INST  |b SAMOS  |c MAG  |e 20100308  |h 510 ROT  |p 005300030508  |q 005300030508  |t BK  |v τ.1:  |y 0  |z τ.1 
852 |a INST  |b SAMOS  |c MAG  |e 20100319  |h 510 ROT  |p 005300030512  |q 005300030512  |t BK  |v τ.4 ;τεύχ.1:  |y 0  |z τ.4:τευχ.1 
852 |a INST  |b SAMOS  |c MAG  |e 20100308  |h 510 ROT  |p 005300030529  |q 005300030529  |t BK  |v τ.2:  |y 0  |z τ.2 
852 |a INST  |b SAMOS  |c MAG  |e 20100319  |h 510 ROT  |p 005300032144  |q 005300032144  |t BK  |v τ.4 ;τεύχ.6:  |y 0  |z τ.4:τευχ.6 
852 |a INST  |b SAMOS  |c MAG  |e 20100319  |h 510 ROT  |p 005300032147  |q 005300032147  |t BK  |v τ.4 ;τεύχ.4:  |y 0  |z τ.4:τευχ.4 
852 |a INST  |b SAMOS  |c MAG  |e 20100319  |h 510 ROT  |p 005300032152  |q 005300032152  |t BK  |v τ.4 ;τεύχ.5:  |y 0  |z τ.4:τευχ.5 
852 |a INST  |b SAMOS  |c MAG  |e 20100319  |h 510 ROT  |p 005300032153  |q 005300032153  |t BK  |v τ.4 ;τεύχ.2:  |y 0  |z τ.4:τευχ.2 
852 |a INST  |b SAMOS  |c MAG  |e 20100319  |h 510 ROT  |p 005300032154  |q 005300032154  |t BK  |v τ.4 ;τεύχ.3:  |y 0  |z τ.4:τευχ.3 
853 |a INST  |b SAMOS  |c MAG  |h 510 ROT 
901 |a BIBL3-2010-1 
901 |a BIBL3-2010-1 
970 |a ΣΙΤΖΙΜΗ  |b ΓΙΑΣΕΜΗ  |z 2010/03/08